001020478 001__ 1020478 001020478 005__ 20260122143006.0 001020478 0247_ $$2ISSN$$a0932-0482 001020478 0247_ $$2ISSN$$a0947-0085 001020478 0247_ $$2ISSN$$a2511-0896 001020478 0247_ $$2doi$$a10.1515/zwf-2025-1098 001020478 0247_ $$2SCOPUS$$aSCOPUS:2-s2.0-105020976971 001020478 037__ $$aRWTH-2025-09029 001020478 041__ $$aGerman 001020478 082__ $$a600 001020478 1001_ $$0P:(DE-82)IDM01294$$aBoos, Wolfgang$$b0$$eCorresponding author$$urwth 001020478 245__ $$aAnforderungsanalyse für die industrielle Re-Fabrikation in metallverarbeitenden KMU$$honline, print 001020478 260__ $$aBerlin$$bde Gruyter$$c2025 001020478 3367_ $$00$$2EndNote$$aJournal Article 001020478 3367_ $$0PUB:(DE-HGF)16$$2PUB:(DE-HGF)$$aJournal Article$$bjournal$$mjournal 001020478 3367_ $$2BibTeX$$aARTICLE 001020478 3367_ $$2DRIVER$$aarticle 001020478 3367_ $$2DataCite$$aOutput Types/Journal article 001020478 3367_ $$2ORCID$$aJOURNAL_ARTICLE 001020478 588__ $$aDataset connected to CrossRef, Journals: publications.rwth-aachen.de 001020478 591__ $$aGermany 001020478 653_7 $$aCircular Economy 001020478 653_7 $$aMetalworking 001020478 653_7 $$aRemanufacturing 001020478 653_7 $$aRequirements 001020478 653_7 $$aSMEs 001020478 653_7 $$aSurvey 001020478 653_7 $$aToolmaking 001020478 7001_ $$0P:(DE-82)IDM07094$$aKenfenheuer, Jonas$$b1$$urwth 001020478 7001_ $$0P:(DE-82)1006666$$aKlisch, Leonhard$$b2$$eCorresponding author$$urwth 001020478 773__ $$0PERI:(DE-600)2133068-2$$a10.1515/zwf-2025-1098$$n9$$p615-620$$tZeitschrift für wirtschaftlichen Fabrikbetrieb : ZWF$$v120$$x2511-0896$$y2025 001020478 909CO $$ooai:publications.rwth-aachen.de:1020478$$pVDB 001020478 9101_ $$0I:(DE-588b)36225-6$$6P:(DE-82)IDM01294$$aRWTH Aachen$$b0$$kRWTH 001020478 9101_ $$0I:(DE-588b)36225-6$$6P:(DE-82)IDM07094$$aRWTH Aachen$$b1$$kRWTH 001020478 9101_ $$0I:(DE-588b)36225-6$$6P:(DE-82)1006666$$aRWTH Aachen$$b2$$kRWTH 001020478 9141_ $$y2025 001020478 9151_ $$0StatID:(DE-HGF)0031$$2StatID$$aPeer reviewed article$$x0 001020478 915__ $$0StatID:(DE-HGF)0200$$2StatID$$aDBCoverage$$bSCOPUS$$d2024-12-10 001020478 9201_ $$0I:(DE-82)417200_20140620$$k417200$$lWerkzeugmaschinenlabor WZL der RWTH Aachen$$x0 001020478 9201_ $$0I:(DE-82)417210_20140620$$k417210$$lLehrstuhl für Produktionssystematik$$x1 001020478 961__ $$c2025-10-28T13:40:39.788699$$x2025-10-28T13:40:39.788699$$z2025-10-28 001020478 980__ $$aI:(DE-82)417200_20140620 001020478 980__ $$aI:(DE-82)417210_20140620 001020478 980__ $$aUNRESTRICTED 001020478 980__ $$aVDB 001020478 980__ $$ajournal